|
|
|
|
| LEADER |
00000nam0a2200000 4500 |
| 001 |
317943 |
| 005 |
20231102003027.0 |
| 020 |
|
|
|a RU
|b 82-75477
|
| 035 |
|
|
|a (RuTPU)RU\TPU\book\343411
|
| 090 |
|
|
|a 317943
|
| 100 |
|
|
|a 20160416d1982 km y0rusy5003 ca
|
| 101 |
0 |
|
|a rus
|
| 102 |
|
|
|a RU
|
| 105 |
|
|
|a a z 001zy
|
| 200 |
1 |
|
|a Антарктический ледниковый покров: история и современное состояние
|f К. С. Лосев
|g Академия наук СССР (АН СССР)
|
| 210 |
|
|
|a Москва
|c Наука
|d 1982
|
| 215 |
|
|
|a 159 с.
|c ил.
|d 20 см
|
| 225 |
1 |
|
|a Человек и окружающая среда
|
| 320 |
|
|
|a Библиогр.: с. 155-157
|
| 606 |
1 |
|
|a Ледники
|2 stltpush
|3 (RuTPU)RU\TPU\subj\39930
|9 59828
|
| 610 |
1 |
|
|a Антарктида
|
| 610 |
1 |
|
|a ледниковый покров
|
| 610 |
1 |
|
|a характеристики
|
| 610 |
1 |
|
|a оледенение
|
| 610 |
1 |
|
|a история
|
| 610 |
1 |
|
|a лед
|
| 610 |
1 |
|
|a движение
|
| 610 |
1 |
|
|a тепловой режим
|
| 610 |
1 |
|
|a вещество
|
| 610 |
1 |
|
|a баланс
|
| 610 |
1 |
|
|a устойчивость
|
| 610 |
1 |
|
|a ресурсы
|
| 675 |
|
|
|a 551.324
|z rus
|v 4
|
| 700 |
|
1 |
|a Лосев
|b К. С.
|g Ким Семенович
|4 070
|
| 712 |
0 |
2 |
|a Академия наук СССР (АН СССР)
|c (Ленинград/Москва)
|c (1925-1991)
|2 stltpush
|3 (RuTPU)RU\TPU\col\722
|
| 801 |
|
0 |
|a RU
|b RuMRKP
|c 19950704
|g psbo
|
| 801 |
|
1 |
|a RU
|b 63413507
|c 20160416
|
| 801 |
|
2 |
|a RU
|b 63413507
|c 20200720
|g RCR
|
| 942 |
|
|
|c BK
|